Регионална библиотека "Любен Каравелов" - Русе

Овча купел (Запис номер 182585)

MARC детайли
000 -Лидер
Контролно поле с фиксирана дължина 01585nam a2200373 c 4500
003 - Код на организацията, давaща контролен номер
Контролно поле BLK
005 - Дата и час на последна редакция
Контролно поле 20180421000140.0
008 - Елементи от данни с фиксирана дължина
fixed length control field 180411b bul|||||r ||||||| ||bul||
010 ## - Наследен системен номер
LC control number KNG00191510000
040 ## - Източник на каталожния запис
Идентификатор на билиотеката - собственик на записа BLK
041 ## - Код за език
Код за езика на текст/звукозапис или на отделно заглавие Български
Код за езика КДБФ Български
080 ## - УДК
Текстов определител УДК Хидротерапия (водотерапия). Балнеолечение. Курортотерапия - Лечение с бани, горещи бани, сауна, хладни бани, речно къпане, влажни фрикции, компреси, с "жива вода"(алкално активирана, с ph 9, 6;курорт
УДК код - определител по УДК 615.838
УДК определител
УДК - код + определител 615.838
100 1# - Редна дума - Автор
Автор Дайски, Александър Георгиев
Авторска отговорност първи автор
R(LIN) 58012
139 ## - Редно поле
Редна дума Дайски, Александър Георгиев
Авторски знак Дав - Д 13
245 10 - Сведения за заглавието
Заглавие Овча купел
Редно поле (дума) Александър Георгиев Дайски.
257 ## - Страна на издаване
Страна на създаване/издаване България
260 ## - Област на издателските данни
-- София
Име на издателя, разпространителя и проч. Медицина и физкултура
Година на издаване 1962
300 ## - Физическа характеристика
Страници 44 с.
Илюстрации и др. с ил.
Размери/Мащаб 17 см
380 ## - Жанр
Жанр Медицина
490 1# - СЕРИИ (Колекции)
Име на серия Наши курорти
500 ## - Общи забележки
Забележка 10 075 тир.
650 #4 - Допълнително описание по предмет – тема
Основно описание – тема или топоним Хидротерапия
9 (RLIN) 176497
650 #4 - Допълнително описание по предмет – тема
Основно описание – тема или топоним Балнеология - България
9 (RLIN) 266417
651 #4 - Допълнително описание по предмет - топоним
Географско понятие Овча купел
9 (RLIN) 179297
651 #4 - Допълнително описание по предмет - топоним
Географско понятие България
9 (RLIN) 241624
653 ## - Ключова дума – ненормативна
Ключова дума хидротерапия
653 ## - Ключова дума – ненормативна
Ключова дума балнеолечение
653 ## - Ключова дума – ненормативна
Ключова дума балнеология
852 ## - Местоположение
Форматна сигнатура Цб І 5050
856 4# - Електронен адрес и достъп
Електронен формат pdf - файл
Път до файла /url/
856 4# - Електронен адрес и достъп
Електронен формат pdf - файл
Път до файла /url/
942 ## - АРТИКУЛИ
Вид на библиотечния материал Книги
Скрит в OPAC Не
944 ## - СЪЗДАВАНЕ И РЕДАКЦИЯ на ЗАПИСА
Създаване/Редакция Създаване
Дата на регистрацията/редакция 05.10.2016
Служител, извършил регистрацията/редакцията Ирена_Линкова
944 ## - СЪЗДАВАНЕ И РЕДАКЦИЯ на ЗАПИСА
Създаване/Редакция Редакция
Дата на регистрацията/редакция 06.10.2016
Служител, извършил регистрацията/редакцията Людмила_Стоянова
999 ## - СИСТЕМНИ КОНТРОЛНИ НОМЕРА
Koha biblionumber 182585
Koha biblioitemnumber 182585
Наличности
Код за отписване Код за изгубен артикул Източник на класификационната схема Код за повреда Коз за рестрикции Код за отдаване Артикулен № Име на библиотеката - собственик Име на библиотеката, в която се намира в момента Статус (Текущо местоположение) Дата на вписване в системата Местоположение - отдел Цена в лева Инвентарен номер Систематично азбучна сигнатура Баркод Номер на екземпляра Цена в евро Служебна бележка Служебен тип на артикула
Изтеглен Не е изгубен Universal Decimal Classification Не е повреден без рестрикции заемане за дома 313767 Регионална библиотека "Любен Каравелов" Русе Регионална библиотека "Любен Каравелов" Русе Заемна - подръчен фонд 1962-01-01 Заемна - подръчен фонд 0.00 9348/62 П 615.83/Д 13 9348/62 1 0.00 Дост: Pk Вид: Ф N: сф Дата: 01.01.1962 Книги
Изтеглен Не е изгубен Universal Decimal Classification Не е повреден без рестрикции заемане за дома 313768 Регионална библиотека "Любен Каравелов" Русе Регионална библиотека "Любен Каравелов" Русе Заемна - подръчен фонд 1962-01-01 Заемна - подръчен фонд 0.00 9349/62 П 615.83/Д 13 9349/62 2 0.00 Дост: Pk Вид: Ф N: сф Дата: 01.01.1962 Книги
  Не е изгубен Universal Decimal Classification Не е повреден само за читалня ползва се в читалня 313769 Регионална библиотека "Любен Каравелов" Русе Регионална библиотека "Любен Каравелов" Русе Хранилище 1962-01-01 Хранилище 0.07 10457/62 Цб І 5050 900000027455 3 0.04 Дост: Dp Вид: Д N: сф Дата: 01.01.1962 Книги
Vip Innovations Ltd, Rousse, Bulgaria 2025